01637cam a22003977a 4500003000500000005001700005008004100022010001000063011001000073035001000083040000900093090001000102100004700112245010400159260005000263300004000313502010300353590003700456590004100493590004100534590004100575590004100616590004100657590004200698650006400740650004700804650005700851650005200908650005300960901000701013905002301020942001001043949004201053999001701095952012701112CHAP20220329142151.0000125d1998 mx r 00110 spa d a79473 a80445 a90896 cCHAP aTesis00aGonzález Reyes, Francisco Javier.94933010aLimitaciones para un desarrollo persistente en el Ejido La Parada, Ahualulco, S.L.P. Méxicoc/por aSan Luis Potosí, S.L.P. :bEl autor,c1998. a71 h. :bgráfs. ; cuadros ; mapas aTesis (M.C. Agropecuarias) -- Universidad Autónoma de San Luis Potosí. Facultad de Agronomía aALEPHb10c20130110lUCH01h1431 aBATCH-UPDb10c20130110lUCH01h0027 aBATCH-UPDb10c20130110lUCH01h2325 aBATCH-UPDb10c20130409lUCH01h2009 aBATCH-UPDb10c20130410lUCH01h1615 aBATCH-UPDb10c20130914lUCH01h1147 aCONVERSIONb10c20130109lUCH01h134414aDesarrollo de la comunidad ruralxSan Luis Potosí.93202514aEjido La Parada, San Luis Potosí.93592314aSan Luis PotosíxCondiciones económicas.910196314aSan Luis PotosíxCondiciones rurales.910196414aSan Luis PotosíxCondiciones sociales.9101965 aBK aGuadalupe Pinto C. cTESIS bBCcTESd908961eTS1h34125i90896sb c79473d79473 00102local4051708TESISaBCbBCcPA_TESISd2019-12-31fTESISl0oTesisp908961r2019-12-31 00:00:00w2019-12-31yTESIS